Está Dios contra la economía? : carta a Juan Pablo II / [por] Jacques Paternot [y] Gabriel Veraldi ; tr. por Daniel Alcoba

Saved in:
Bibliographic Details
Main Author: Paternot, Jacques (autor)
Format: Book
Series:Col. "Documento" (291)
Subjects:
Tags: Add Tag
No Tags, Be the first to tag this record!

MARC

LEADER 00000nam^a2200000^u^4500
001 000542904
005 20250521000000.0
008 060220s1000^^^^^^^^^^^^r^^^^^000^0^spa^d
009 20260310131255.082
035 |a FMI 000011677 
037 |a Acervo Xavier Clavigero 
096 |a 5.7.5/39/C 
100 |a Paternot, Jacques  |e (autor) 
245 1 0 |a Está Dios contra la economía? : carta a Juan Pablo II / [por] Jacques Paternot [y] Gabriel Veraldi ; tr. por Daniel Alcoba 
264 |a México : Ed. Planeta, 1992 
300 |a 225 p. 
336 |a texto  |b txt  |2 rdacontenido 
337 |a sin mediación  |b n  |2 rdamedio 
338 |a volumen  |b nc  |2 rdasoporte 
440 0 |a Col. "Documento" (291) 
597 |a Trad. del francés ("Dieu est-il contre l'economie"). 
649 |a XX 
650 |a DOCTRINA SOCIAL CATOLICA 
910 |a Fondo Francisco Migoya Covarrubias S.J. 
920 |a Impresos - Libros 
930 |a Fondos Especiales 
905 |a 134 
901 |a SBC15171  |b IT2  |c ESP  |u 20250521 
902 |a https://opac.biblio.iteso.mx/vufind/Record/000542904